LEADER 02254nam 2200637 a 450 001 9910456655803321 005 20191030193400.0 010 $a1-78268-152-3 010 $a1-283-15280-0 010 $a9786613152800 010 $a0-313-38299-9 035 $a(CKB)2550000000039843 035 $a(EBL)727703 035 $a(OCoLC)745865752 035 $a(SSID)ssj0000523491 035 $a(PQKBManifestationID)11325961 035 $a(PQKBTitleCode)TC0000523491 035 $a(PQKBWorkID)10542520 035 $a(PQKB)11435579 035 $a(MiAaPQ)EBC727703 035 $a(Au-PeEL)EBL727703 035 $a(CaPaEBR)ebr10482336 035 $a(CaONFJC)MIL315280 035 $a(EXLCZ)992550000000039843 100 $a20110301d2011 uy 0 101 0 $aeng 135 $aur|n|---||||| 181 $ctxt 182 $cc 183 $acr 200 00$aInternational perspectives on children and mental health$b[electronic resource] /$fHiram E. Fitzgerald ... [et al.], editors 210 $aSanta Barbara, Calif. $cPraeger$dc2011 215 $a1 online resource (532 p.) 225 1 $aChild psychology and mental health 300 $aDescription based upon print version of record. 311 $a0-313-38298-0 320 $aIncludes bibliographical references and indexes. 327 $av.1. Development and context -- v.2. Prevention and treatment. 330 $aThis unprecedented set examines the most prominent factors that harm or support healthy development in children outside the United States, from abuse and economics to social injustice and poor public policy. 410 0$aChild psychology and mental health. 606 $aChild mental health$vCross-cultural studies 606 $aChild psychiatry$vCross-cultural studies 606 $aChild development$vCross-cultural studies 608 $aElectronic books. 615 0$aChild mental health 615 0$aChild psychiatry 615 0$aChild development 676 $a618.92/89 701 $aFitzgerald$b Hiram E$0906346 801 0$bMiAaPQ 801 1$bMiAaPQ 801 2$bMiAaPQ 906 $aBOOK 912 $a9910456655803321 996 $aInternational perspectives on children and mental health$92026946 997 $aUNINA LEADER 01178nam a2200277 i 4500 001 991001792189707536 008 s2003 it 000 0 ita d 020 $a8843024825 035 $ab12197737-39ule_inst 040 $aDip. SSC$bita 082 0 $a417.7 245 13$aIl cambiamento linguistico /$cMarina Benedetti...[et al.] ; a cura di Marco Mancini 260 $aRoma :$bCarocci,$c2003 300 $aXIX, 277 p. ;$c22 cm 440 0$aUniversitą. Linguistica ;$v462 650 4$aLinguistica comparata 700 1 $aBenedetti, Marina 700 1 $aMancini, Marco 907 $a.b12197737$b02-04-14$c25-09-03 912 $a991001792189707536 945 $aLE008 LLI O IV 40$g1$i2008000098018$lle008$nFacecchia$o-$pE0.00$q-$rl$s- $t0$u0$v0$w0$x0$y.i13047930$z22-12-03 945 $aLE008 L.L.I. D A V 86$g1$i2008000097950$lle008$nSobrero$nAugieri$o-$pE0.00$q-$rl$s- $t0$u0$v0$w0$x0$y.i13048296$z22-12-03 945 $aLE021 DI23A36$g1$i2021000141690$lle021$nMazzella, Letizia$o-$pE0.00$q-$rl$s- $t0$u0$v0$w0$x0$y.i1257109x$z25-09-03 996 $aCambiamento linguistico$9157696 997 $aUNISALENTO 998 $a(2)le008$ale021$b25-09-03$cm$da $e-$fita$git $h3$i3 LEADER 04864nam 2200661 450 001 9910787246503321 005 20230803210151.0 010 $a3-03826-687-6 035 $a(CKB)3710000000281206 035 $a(EBL)1911000 035 $a(SSID)ssj0001406838 035 $a(PQKBManifestationID)11787131 035 $a(PQKBTitleCode)TC0001406838 035 $a(PQKBWorkID)11401309 035 $a(PQKB)10650540 035 $a(MiAaPQ)EBC1911000 035 $a(Au-PeEL)EBL1911000 035 $a(CaPaEBR)ebr10986846 035 $a(OCoLC)899148188 035 $a(EXLCZ)993710000000281206 100 $a20141201h20142014 uy| 0 101 0 $aeng 135 $aur|n|---||||| 181 $ctxt 182 $cc 183 $acr 200 10$a13th International Ceramics Congress $eproceedings of the 13th International Ceramics Congress, part of CIMTEC 2014-13th International Ceramics Congress and 6th Forum on New Materials, June 8-13, Montecatini Terme, Italy. Part E /$fedited by Pietro Vincenzini, World Academy of Ceramics and National Research Council, Italy ; co-edited by Sanjay Mathur, University of Cologne, Germany, Paolo Colombo, University of Padova, Italy, Christopher C. Berndt, Swinburne University of Technology, Australia 210 1$aFaenza, Italy :$cTTP,$d[2014] 210 4$d©2014 215 $a1 online resource (158 p.) 225 1 $aAdvances in science and technology,$x1662-8969 ;$vvolume 91 300 $aDescription based upon print version of record. 311 $a3-03835-303-5 320 $aIncludes bibliographical references and index. 327 $a13th International Ceramics Congress - Part E; Preface; Table of Contents; Chapter 1: Nanomaterials for Energy and Sustainability; Self-Propagation Low Temperature Flameless Combustion Synthesis of Ni and Al Nanoparticles: Time-Resolved XRD Study; Compositional Designs for High Performance Antifingerprint Coated Concealed Cistern Control Panels; Sol-Gel Derived Two-Dimensional Nanostructures of Calcium Phosphates; Study on the Synthesis of Batches of the System Y-Ba-Cu-O Using Sol-Gel Method; Consolidated Nanocomposite Materials with the Defined Properties 327 $aHydrogen Production from Thermochemical Water-Splitting Using Ferrites Prepared by Solution Combustion SynthesisSelf-Cleaning and Anti-Fogging Surfaces Based on Nanostructured Metal Oxides; Chapter 2: Porous Ceramics; Fabricating of Diatomite Based Ceramic Water Filter by a Novel Casting Method; Characterization of Aerogels - Challenges and Prospects; Evaluating Porosity in Cordierite Diesel Particulate Filter Materials: Advanced X-Ray Techniques and New Statistical Analysis Methods; Modeling the Properties of Cellular Ceramics: From Foams to Lattices and Back to Foams 327 $aPorous Silicas for Enhanced Drug ReleaseLightweight Bi-Layered Ceramic Tiles for Novel Applications; Porous Clay Ceramic for Environmental Technologies; Al2O3 Preforms with Gradient Porosity for Brake Disk Application; Chapter 3: Ceramic Thin Films and Coatings; Relationship between Residual Stresses and Damaging in Thermally Grown Oxide on Metals: Raman Spectroscopy and Synchrotron Micro-Diffraction Contributions; Influence of Application Technology in the Structural Characteristics of Ceramic Coatings with Advanced Anticorrosive and Tribological Properties 327 $aAmorphous Alumina Coatings on Glass Bottles Using Direct Liquid Injection MOCVD for Packaging ApplicationsTemperature Dependent 4-, 5- and 6-Fold Coordination of Aluminum in MOCVD-Grown Amorphous Alumina Films: From Local Coordination to Material Properties; Comparison of the Ablation Mechanism of C/C-SiC Composite under Atmospheric and Low Pressure; Oxide Films Formed on FeCrAl Steel Foil Coated with Pt and Al Films; Keywords Index; Authors Index 330 $aCollection of selected, peer reviewed papers from the 13th International Ceramics Congress, part of CIMTEC 2014-13th International Ceramics Congress and 6th Forum on New Materials, June 8-13, 2014, Montecatini Terme, Italy. The 21 papers are grouped as follows: Chapter 1: Nanomaterials for Energy and Sustainability; Chapter 2: Porous Ceramics; Chapter 3: Ceramic Thin Films and Coatings. 410 0$aAdvances in science and technology ;$vv. 91. 606 $aCeramics$vCongresses 606 $aCeramic materials$vCongresses 606 $aCeramic engineering$vCongresses 615 0$aCeramics 615 0$aCeramic materials 615 0$aCeramic engineering 676 $a620.14 702 $aVincenzini$b P.$f1939- 702 $aMathur$b Sanjay 702 $aColombo$b Paolo 702 $aBerndt$b Christopher C. 801 0$bMiAaPQ 801 1$bMiAaPQ 801 2$bMiAaPQ 906 $aBOOK 912 $a9910787246503321 996 $a13th International Ceramics Congress$93684433 997 $aUNINA